| 000 -LEADER |
| fixed length control field |
01728cam a2200385 i 4500 |
| 001 - CONTROL NUMBER |
| control field |
11246064 |
| 005 - DATE AND TIME OF LATEST TRANSACTION |
| control field |
20170105102420.0 |
| 006 - FIXED-LENGTH DATA ELEMENTS--ADDITIONAL MATERIAL CHARACTERISTICS |
| fixed length control field |
m d |
| 007 - PHYSICAL DESCRIPTION FIXED FIELD--GENERAL INFORMATION |
| fixed length control field |
cr n |
| 008 - FIXED-LENGTH DATA ELEMENTS--GENERAL INFORMATION |
| fixed length control field |
141028t20152015flua sb 000 0 eng d |
| 020 ## - INTERNATIONAL STANDARD BOOK NUMBER |
| International Standard Book Number |
9781439895832 |
| 020 ## - INTERNATIONAL STANDARD BOOK NUMBER |
| International Standard Book Number |
9781439895849 (ebook) |
| 035 ## - SYSTEM CONTROL NUMBER |
| System control number |
(WaSeSS)ssj0001410291 |
| 040 ## - CATALOGING SOURCE |
| Original cataloging agency |
CaPaEBR |
| Language of cataloging |
eng |
| Description conventions |
rda |
| -- |
pn |
| Transcribing agency |
CaPaEBR |
| Modifying agency |
WaSeSS |
| 050 #4 - LIBRARY OF CONGRESS CALL NUMBER |
| Classification number |
QA76.9.A25 |
| Item number |
.M854 2015eb |
| 082 04 - DEWEY DECIMAL CLASSIFICATION NUMBER |
| Classification number |
005.8 MUK |
| Edition number |
23 |
| 100 1# - MAIN ENTRY--PERSONAL NAME |
| Personal name |
Mukhopadhyay, Debdeep, |
| Relator term |
author. |
| 210 10 - ABBREVIATED TITLE |
| Abbreviated title |
Hardware security : |
| 245 10 - TITLE STATEMENT |
| Title |
Hardware security : design, threats, and safeguards |
| Remainder of title |
design, threats, and safeguards |
| Statement of responsibility, etc. |
Debdeep Mukhopadhyay, Rajat Subhra Chakraborty. |
| 504 ## - BIBLIOGRAPHY, ETC. NOTE |
| Bibliography, etc. note |
Includes bibliographical references. |
| 506 ## - RESTRICTIONS ON ACCESS NOTE |
| Terms governing access |
License restrictions may limit access. |
| 650 #0 - SUBJECT ADDED ENTRY--TOPICAL TERM |
| Topical term or geographic name entry element |
Computer security. |
| 650 #0 - SUBJECT ADDED ENTRY--TOPICAL TERM |
| Topical term or geographic name entry element |
Computer input-output equipment. |
| 655 #0 - INDEX TERM--GENRE/FORM |
| Genre/form data or focus term |
Electronic books. |
| 700 1# - ADDED ENTRY--PERSONAL NAME |
| Personal name |
Chakraborty, Rajat Subhra, |
| Relator term |
author. |
| 773 #0 - HOST ITEM ENTRY |
| Title |
Safari Technical Books (Current File) |
| 773 #0 - HOST ITEM ENTRY |
| Title |
ENGnetBASE |
| 773 #0 - HOST ITEM ENTRY |
| Title |
ELECTRICALENGINEERINGnetBASE |
| 776 08 - ADDITIONAL PHYSICAL FORM ENTRY |
| Relationship information |
Print version: |
| Main entry heading |
Mukhopadhyay, Debdeep. |
| Title |
Hardware security : design, threats, and safeguards. |
| Place, publisher, and date of publication |
Boca Raton, Florida : CRC Press, c2015 |
| Physical description |
xxxiii, 534 pages |
| International Standard Book Number |
9781439895832 |
| 856 40 - ELECTRONIC LOCATION AND ACCESS |
| Uniform Resource Identifier |
<a href="http://www.columbia.edu/cgi-bin/cul/resolve?clio11246064.001">http://www.columbia.edu/cgi-bin/cul/resolve?clio11246064.001</a> |
| Public note |
Full text available from ELECTRICALENGINEERINGnetBASE |
| 856 40 - ELECTRONIC LOCATION AND ACCESS |
| Uniform Resource Identifier |
<a href="http://www.columbia.edu/cgi-bin/cul/resolve?clio11246064.002">http://www.columbia.edu/cgi-bin/cul/resolve?clio11246064.002</a> |
| Public note |
Full text available from ENGnetBASE |
| 856 40 - ELECTRONIC LOCATION AND ACCESS |
| Uniform Resource Identifier |
<a href="http://www.columbia.edu/cgi-bin/cul/resolve?clio11246064.003">http://www.columbia.edu/cgi-bin/cul/resolve?clio11246064.003</a> |
| Public note |
Full text available from Safari Technical Books (Current File) |
| 910 ## - USER-OPTION DATA (OCLC) |
| User-option data |
Vendor-generated brief record |
| 942 ## - ADDED ENTRY ELEMENTS (KOHA) |
| Source of classification or shelving scheme |
|
| Koha item type |
Book |